1093 1540 1143 1778 1882 1957 1175 1848 1535 1395 1466 1134 1734 1397 1316 1311 1891 1132 1178 1950 1830 1782 1981 1706 1687 1160 1369 1666 1040 1359 1332 1766 1522 1257 1807 1760 1112 1641 1171 1608 1448 1010 1062 1920 1741 1459 1950 1296 1122 1172 1759 1565 1475 1964 1554 1505 1339 1819 1192 1504 1017 1005 1188 1440 1854 1240 1544 1484 1011 1665 1019 1567 1685 1761 1124 1811 1228 1110 1118 1728 1161 1585 1773 1724 1517 1349 1558 1895 1302 1121 1920 1570 1748 1565 1230 1838 1259 1097 1492 BCNSPRNW ULIB Ver.6.0+V

เปลี่ยนเป็นภาษาไทย

Change to English
 แสดงรายละเอียดบรรณานุกรม
  กลับหน้าหลัก

Brief Record : Get Marc (ISO 2709) : E-mail record : QR code < ปิดหน้าต่าง
LEADER : 00000nam 2200000uu 4500
001    13399128039
003     ULIB
008    220119s||||||||th 000 0 tha d
020    ^a9786164492349
050  0 ^aPE420^bอ772ป
100    ^aอีคีแทก สถาบันวิจัย MOZILGE
245    ^aประลองโจทย์ข้อสอบจริง TOEIC 1000 ข้อ RC (Reading
260    ^aกรุงเทพฯ :^bอินส์พัลธิงค์ บียอนด์ บุ๊คส์,^c2563
300    ^a316 หน้า;^b29 ซม.
650    ^aภาษาอังกฤษ - ข้อสอบและเฉลย
945    ^p300^l0^i29184
999    ^aกัณชพร จุลอักษร
รายการนี้ยังไม่มีแท็ก
คุณยังไม่ได้ล็อกอิน คุณสามารถมีกิจกรรมร่วมกับเว็บไซต์ได้ แต่ต้องล็อกอินก่อน ::
  ล็อกอิน

รายการสื่อสารสนเทศ

ลำดับที่ ประเภท เลขเรียก/บาร์โค้ด สถานที่ สถานะ
1. วิทยาศาสตร์การแพทย์ และสุขภาพ
วิทยาศาสตร์การแพทย์ และสุขภาพ
PE420 อ772ป ฉ.1 
  Barcode: 29184
ห้องสมุดวิทยาเขตนครสวรรค์
►หนังสือทั่วไป:l:General Books
บนชั้น

รายการใกล้เคียง
    ชื่อเรื่อง [ประลองโจทย์ข้อสอบจริง TOEIC 1000 ข้อ RC (Reading]

    ผู้แต่ง [อีคีแทก สถาบันวิจัย MOZILGE]

    หัวเรื่อง [ภาษาอังกฤษ - ข้อสอบและเฉลย]

BibComment


ยังไม่เคยถูกคอมเมนท์

คอมเมนท์ทรัพยากรรายการนี้
  คอมเมนท์: ประลองโจทย์ข้อสอ..


 Copyright 2026. Bcnsprnw @Library